00000000nam##2200000za#4500
0019.589690
003CaOODSP
00520210624195752
007cr |||||||||||
008150406|2011||||xxc|||||o    f|0| 0 fre|d
022 |a1919-5044
040 |aCaOODSP|bfre
041 |aeng
041 |afre
043 |an-cn---
0861 |aFs70-5/2011-032-PDF
1101 |aCanada. |bMinistère des pêches et des océans.
24510|aCaptures, effort et captures par unité d'effort de la pêche commerciale à la crevette nordique de l'estuaire et du nord du golfe du Saint-Laurent entre 1982 et 2010 / |h[ressource électronique]|c[par] Louise Savard.
260 |aMont-Joli - Québec : |bPêches et Océans Canada |cc2011.
300 |a53p.|bfigures, graphiques, références, tableaux
4901 |aSecrétariat canadien de consultation scientifique, document de recherche|x1919-5044|v2011/032
590 |a13-24-Supp|b2013-10-18
791 |tCatches, effort and catches per unit of effort of the northern shrimp commercial fishery in the Estuary and the northern Gulf of St. Lawrence from 1982 to 2010 / |eeng|w(CaOODSP)9.589689
830#0|aDocument de recherche (Secrétariat canadien de consultation scientifique)|x1919-5044|v2011/032|w(CaOODSP)9.500506
85640|ahttp://publications.gc.ca|qPDF|s697 Ko|uhttps://publications.gc.ca/collections/collection_2013/mpo-dfo/Fs70-5-2011-032.pdf|y2011/032